000 00303nam a22001217a 4500
008 230703b xxu||||| |||| 00| 0 eng d
082 _a345
_bCLR
100 _cSweet and Maxwell
245 _aThe Criminal Law Review
260 _aBritain
_bSweet and Maxwell Ltd
_c1990
300 _a539p
942 _2ddc
_cBK
999 _c3471
_d3471